[Event "XV Open de Erandio "]
[Site "Erandio"]
[Date "2006.12.16"]
[Round "1.3"]
[White "Paunovic, D."]
[Black "Balsategui Gonzalez, A."]
[Result "1-0"]
[WhiteElo "2500"]
[BlackElo "1739"]
[PlyCount "55"]
[EventDate "2006.12.16"]

1. Nf3 Nf6 2. c4 g6 3. g3 Bg7 4. Bg2 O-O 5. O-O d6 6. d4 Nbd7 7. Qc2 c6 8. Nc3
e5 9. Rd1 Qc7 10. h3 Re8 11. e4 exd4 12. Nxd4 Nb6 13. b3 Be6 14. Bf4 Rad8 15.
c5 Nc8 16. cxd6 Qd7 17. Kh2 Nh5 18. Bg5 f6 19. Be3 f5 20. Bg5 Bf6 21. Bxf6 Nxf6
22. e5 Nh5 23. Na4 Qf7 24. Nc5 f4 25. Ndxe6 fxg3+ 26. fxg3 Rxe6 27. Rf1 Qg7 28.
Qc4 1-0

[Event "XV Open de Erandio "]
[Site "Erandio"]
[Date "2006.12.16"]
[Round "1.5"]
[White "Ivanov, J."]
[Black "Sanabria Alvaro, O."]
[Result "1-0"]
[WhiteElo "2345"]
[BlackElo "815"]
[PlyCount "101"]
[EventDate "2006.12.16"]

1. Nf3 d5 2. c4 e6 3. d4 c6 4. Nc3 Nf6 5. Bg5 Be7 6. e3 b6 7. cxd5 cxd5 8. Ne5
O-O 9. Bd3 Bb7 10. O-O Nbd7 11. Qa4 a6 12. Rac1 b5 13. Qd1 Nxe5 14. dxe5 Nd7
15. Bf4 Nc5 16. Bb1 Rc8 17. Qg4 Re8 18. Ne2 f5 19. exf6 Bxf6 20. b3 Qe7 21. Ng3
Nd7 22. e4 dxe4 23. Nxe4 Bxe4 24. Bxe4 Nf8 25. Qe2 Kh8 26. Rc2 Rxc2 27. Qxc2 e5
28. Be3 h6 29. Qc6 Qe6 30. Rc1 Rd8 31. h3 Bg5 32. Bxg5 hxg5 33. Qc7 Qd6 34. Qf7
Qf6 35. Qh5+ Qh6 36. Qg4 Qf6 37. Rc6 Qf4 38. Rxa6 Rd4 39. Qxf4 gxf4 40. f3 g5
41. Ra5 Rb4 42. Bc6 Kg7 43. Rxb5 Rxb5 44. Bxb5 Ne6 45. b4 Kf6 46. Kf2 Ke7 47.
Ke1 Kd6 48. Kd2 Nc7 49. Bc4 Na8 50. Kd3 Nb6 51. Bb3 1-0

[Event "XV Open de Erandio "]
[Site "Erandio"]
[Date "2006.12.16"]
[Round "1.6"]
[White "Valverde Urbano, A."]
[Black "Varas Gonzalez, C."]
[Result "0-1"]
[WhiteElo "812"]
[BlackElo "2281"]
[PlyCount "27"]
[EventDate "2006.12.16"]

1. d4 Nf6 2. Nf3 e6 3. Bg5 c5 4. e3 Qb6 5. Nc3 cxd4 6. exd4 Nc6 7. Rb1 Bb4 8.
Bxf6 gxf6 9. Qd2 Rg8 10. a3 Bxc3 11. Qxc3 d5 12. Qe3 Bd7 13. g3 Rg4 14. c3 0-1

[Event "XV Open de Erandio "]
[Site "Erandio"]
[Date "2006.12.16"]
[Round "1.8"]
[White "Cano Cavero, AJ."]
[Black "Galzagorri Uli, Y."]
[Result "0-1"]
[WhiteElo "781"]
[BlackElo "2224"]
[PlyCount "72"]
[EventDate "2006.12.16"]

1. e4 c5 2. d4 cxd4 3. c3 Nf6 4. e5 Nd5 5. cxd4 e6 6. Nf3 d6 7. Nc3 Nxc3 8.
bxc3 Qc7 9. Bd2 Nd7 10. Bb5 Be7 11. O-O O-O 12. Re1 dxe5 13. dxe5 Nc5 14. Qc2
Bd7 15. Bxd7 Qxd7 16. Bg5 Bxg5 17. Nxg5 Qd3 18. Qxd3 Nxd3 19. Re3 Rfd8 20. g3
Rac8 21. Rb1 b6 22. Rb3 h6 23. Nh3 Rc5 24. f4 Ra5 25. Rb1 Nc5 26. Rb2 Rd1+ 27.
Kg2 Nd3 28. Rbe2 Nc1 29. Nf2 Nxe2 30. Nxd1 Rxa2 31. Kf1 Nc1 32. h4 Kf8 33. Nf2
Ke7 34. Kg2 Nb3 35. Rd3 Nc5 36. Rd1 Ne4 0-1

[Event "XV Open de Erandio "]
[Site "Erandio"]
[Date "2006.12.16"]
[Round "1.9"]
[White "Fernandez, G."]
[Black "Urbano Ortega, I."]
[Result "1-0"]
[WhiteElo "2177"]
[BlackElo "753"]
[PlyCount "59"]
[EventDate "2006.12.16"]

1. e4 e6 2. Nf3 c5 3. d4 cxd4 4. c3 d5 5. exd5 Qxd5 6. cxd4 Bd7 7. Nc3 Bb4 8.
Bd3 Bxc3+ 9. bxc3 Nc6 10. O-O Nf6 11. Ba3 Qa5 12. Qb3 Qc7 13. c4 a5 14. Rfe1 a4
15. Qb2 O-O-O 16. Rab1 Be8 17. Bc5 Nd7 18. Bd6 Qb6 19. Qa3 Qa7 20. d5 Nf6 21.
dxc6 Bxc6 22. Ne5 Rxd6 23. Qxd6 Rd8 24. Nxc6 Qxf2+ 25. Kxf2 Rxd6 26. Ne5 Ng4+
27. Nxg4 Rxd3 28. Re2 Rc3 29. Ne3 Kc7 30. Reb2 1-0

[Event "XV Open de Erandio "]
[Site "Erandio"]
[Date "2006.12.16"]
[Round "1.10"]
[White "Delgado Rodriguez, C."]
[Black "Prieto Aranguren, A."]
[Result "0-1"]
[WhiteElo "743"]
[BlackElo "2105"]
[PlyCount "60"]
[EventDate "2006.12.16"]

1. d4 Nf6 2. c4 g6 3. Nc3 Bg7 4. Nf3 O-O 5. e4 d6 6. Be2 e5 7. d5 a5 8. O-O Na6
9. Bg5 h6 10. Be3 Ng4 11. Qd2 Nxe3 12. Qxe3 Nc5 13. Nd2 Bf6 14. Nf3 Kh7 15. Qc1
Bd7 16. Qc2 Bh8 17. h3 f5 18. Nd2 f4 19. Nf3 Rg8 20. Nh2 h5 21. Bf3 Kh6 22. Qe2
Qh4 23. Nb5 Rac8 24. Rac1 g5 25. Rc3 g4 26. hxg4 hxg4 27. Rfc1 gxf3 28. Rxf3
Bg4 29. Nxg4+ Qxg4 30. Rcc3 Qxg2# 0-1

[Event "XV Open de Erandio "]
[Site "Erandio"]
[Date "2006.12.16"]
[Round "1.11"]
[White "Angulo Martinez, J."]
[Black "Zabala Perez, A."]
[Result "1-0"]
[WhiteElo "2101"]
[BlackElo "739"]
[PlyCount "63"]
[EventDate "2006.12.16"]

1. e4 e6 2. d3 d5 3. Qe2 Nf6 4. g3 dxe4 5. dxe4 e5 6. Bg2 Bc5 7. Nf3 Nbd7 8.
O-O O-O 9. c3 c6 10. Nbd2 Re8 11. b4 Bb6 12. Nc4 Bc7 13. Rd1 b5 14. Nd6 Re6 15.
Nxc8 Rxc8 16. Bg5 Qe7 17. Bh3 Rd6 18. Rxd6 Bxd6 19. Nh4 Rd8 20. Nf5 Qf8 21.
Nxd6 Qxd6 22. Rd1 Qc7 23. Qd3 Kf8 24. Bxf6 gxf6 25. Kg2 Ke7 26. Qxd7+ Rxd7 27.
Rxd7+ Qxd7 28. Bxd7 Kxd7 29. Kf3 c5 30. Kg4 Kc6 31. Kf5 a5 32. a3 1-0

[Event "XV Open de Erandio "]
[Site "Erandio"]
[Date "2006.12.16"]
[Round "1.13"]
[White "Garrido Legarreta, JJ."]
[Black "Rubio Azkueta, JM."]
[Result "1-0"]
[WhiteElo "2062"]
[BlackElo "730"]
[PlyCount "97"]
[EventDate "2006.12.16"]

1. d4 Nf6 2. c4 e6 3. Nc3 c5 4. d5 exd5 5. cxd5 d6 6. e4 g6 7. f3 Bg7 8. Bg5
O-O 9. Qd2 a6 10. a4 Nbd7 11. Nh3 Qc7 12. Be2 b6 13. O-O Re8 14. Nf2 Bb7 15.
Rfc1 Rac8 16. Rab1 Qb8 17. Na2 Qa8 18. Nc3 Qa7 19. b4 Rc7 20. a5 b5 21. Be3 Qa8
22. Nd3 c4 23. Nf2 Rcc8 24. f4 Qb8 25. Bf3 Re7 26. Re1 Rce8 27. Rbd1 Qa8 28.
Bd4 Rd8 29. Ne2 Rc8 30. Bc3 Qa7 31. Nd4 Ne8 32. Kh1 Qa8 33. Nc6 Bxc6 34. dxc6
Bxc3 35. Qxc3 Qxc6 36. e5 Qc7 37. Bg4 dxe5 38. fxe5 Qc6 39. e6 fxe6 40. Bf3 Qc7
41. Bd5 Ng7 42. Ng4 Rce8 43. Nh6+ Kh8 44. Bf3 e5 45. Bd5 Rf8 46. Rf1 Nf5 47.
Qh3 Nxh6 48. Qxh6 Rxf1+ 49. Rxf1 1-0

[Event "XV Open de Erandio "]
[Site "Erandio"]
[Date "2006.12.16"]
[Round "1.14"]
[White "Gonzalez Sagasti, JA."]
[Black "Lococo Cobo, N."]
[Result "1/2-1/2"]
[WhiteElo "720"]
[BlackElo "2059"]
[PlyCount "61"]
[EventDate "2006.12.16"]

1. e4 d5 2. exd5 Nf6 3. d4 Nxd5 4. Bc4 c6 5. c3 e6 6. Nf3 Nd7 7. O-O Be7 8. Re1
O-O 9. Nbd2 b5 10. Bb3 Bb7 11. Nf1 c5 12. Ng3 Re8 13. Bc2 a6 14. dxc5 Nxc5 15.
Ne4 Nxe4 16. Bxe4 Qb6 17. Qc2 Nf6 18. Be3 Bxe4 19. Qxe4 Nxe4 20. Bxb6 Bc5 21.
Bxc5 Nxc5 22. b3 Rac8 23. Re3 Red8 24. Rc1 f6 25. g3 e5 26. c4 b4 27. Kf1 Kf7
28. Ke2 Ke6 29. Ne1 Rd6 30. Nd3 a5 31. Rd1 1/2-1/2

[Event "XV Open de Erandio "]
[Site "Erandio"]
[Date "2006.12.16"]
[Round "1.15"]
[White "Rodriguez Gonzalez, A."]
[Black "Francisco Etxebarria, JA."]
[Result "1-0"]
[WhiteElo "2024"]
[BlackElo "713"]
[PlyCount "29"]
[EventDate "2006.12.16"]

1. e4 c6 2. Nc3 d5 3. d4 dxe4 4. Nxe4 Bf5 5. Ng3 Bg6 6. Bc4 Nf6 7. N1e2 h6 8.
Nf4 Bh7 9. O-O Nbd7 10. Re1 Nb6 11. Bb3 Qc7 12. a4 Nbd5 13. Qf3 g5 14. Nxd5
cxd5 15. Qxf6 1-0

[Event "XV Open de Erandio "]
[Site "Erandio"]
[Date "2006.12.16"]
[Round "1.24"]
[White "Bratu, A."]
[Black "De Andres Oterino, C."]
[Result "1-0"]
[WhiteElo "597"]
[BlackElo "1903"]
[PlyCount "101"]
[EventDate "2006.12.16"]

1. e4 c6 2. d4 d5 3. Nc3 dxe4 4. Nxe4 Nd7 5. Nf3 Ngf6 6. Ng3 e6 7. Be2 c5 8. c3
Qc7 9. Be3 Nd5 10. Bd2 c4 11. O-O Be7 12. Rc1 b5 13. Qc2 O-O 14. Rfe1 Bb7 15.
b3 Bd6 16. Ne4 Bf4 17. g3 Bxd2 18. Nexd2 cxb3 19. axb3 b4 20. cxb4 Qxc2 21.
Rxc2 Rfc8 22. Rec1 Rxc2 23. Rxc2 Rc8 24. Rxc8+ Bxc8 25. b5 Nc3 26. Bd3 f6 27.
Ne4 Nxe4 28. Bxe4 Nb6 29. Nd2 Bd7 30. Bc6 Bxc6 31. bxc6 Kf7 32. b4 a6 33. Ne4
Nd5 34. Nc5 Ke7 35. Nxa6 Kd8 36. b5 Nb6 37. Nc5 Ke7 38. Kf1 Kd6 39. Ke2 Nd5 40.
Nb7+ Kc7 41. Kd3 Kb6 42. Kc4 Nc7 43. Nd6 Nd5 44. Ne4 Nc7 45. Nc3 Ne8 46. d5
Nd6+ 47. Kd4 e5+ 48. Kd3 Kc5 49. Ne4+ Kxd5 50. Nxd6 Kxd6 51. Kc4 1-0

[Event "XV Open de Erandio "]
[Site "Erandio"]
[Date "2006.12.17"]
[Round "2.3"]
[White "Villanueva Arguinberri, B."]
[Black "Paunovic, D."]
[Result "0-1"]
[WhiteElo "1821"]
[BlackElo "2500"]
[PlyCount "52"]
[EventDate "2006.12.16"]

1. d4 c5 2. d5 e5 3. c4 d6 4. Nc3 a6 5. g3 Be7 6. Bg2 Bg5 7. e4 Bxc1 8. Rxc1
Nf6 9. Nge2 O-O 10. O-O b5 11. cxb5 axb5 12. Nxb5 Rxa2 13. Qc2 Na6 14. Nec3 Nb4
15. Qd2 Ra8 16. Rfe1 Ba6 17. Bf1 Qb6 18. Kh1 Rfb8 19. f4 Bxb5 20. Nxb5 Re8 21.
Qg2 Nd7 22. Nc3 Qd8 23. Bb5 Re7 24. Bxd7 Qxd7 25. Re3 exf4 26. gxf4 Rae8 0-1

[Event "XV Open de Erandio "]
[Site "Erandio"]
[Date "2006.12.17"]
[Round "2.5"]
[White "Antolin Aguirre, JI."]
[Black "Ivanov, J."]
[Result "0-1"]
[WhiteElo "2149"]
[BlackElo "2345"]
[PlyCount "100"]
[EventDate "2006.12.16"]

1. d4 d5 2. Nf3 Nf6 3. e3 e6 4. c3 c5 5. Nbd2 Nc6 6. Bd3 Qc7 7. dxc5 Bxc5 8. e4
O-O 9. O-O Bb6 10. Qe2 h6 11. h3 Nh5 12. Rd1 Nf4 13. Qf1 Nxd3 14. Qxd3 Rd8 15.
exd5 Rxd5 16. Qe2 e5 17. Nf1 Rxd1 18. Qxd1 Bf5 19. Qe2 Rd8 20. Ne1 Qd7 21. Be3
Bc7 22. Nd2 Be6 23. b3 f5 24. Nf1 e4 25. Rc1 Ne5 26. Nc2 Nd3 27. Nd4 Bf7 28.
Nc2 Be5 29. Bd2 Qc6 30. Rd1 Bxc3 31. Bxc3 Qxc3 32. Ng3 Bg6 33. Ne1 Kh7 34. Nxd3
Rxd3 35. Rxd3 exd3 36. Qd1 b5 37. Nf1 b4 38. f3 Qd4+ 39. Kh2 a5 40. Qe1 f4 41.
Qd2 Bf7 42. Qe1 a4 43. Nd2 Qe3 44. Qc1 a3 45. Qd1 Bd5 46. Kh1 Qd4 47. Nf1 Qc3
48. Qd2 Bxb3 49. Qxf4 Bxa2 50. Qe4+ Kh8 0-1

[Event "XV Open de Erandio "]
[Site "Erandio"]
[Date "2006.12.17"]
[Round "2.6"]
[White "Galzagorri Uli, Y."]
[Black "Sanz Rodero, M."]
[Result "1-0"]
[WhiteElo "2224"]
[BlackElo "1866"]
[PlyCount "71"]
[EventDate "2006.12.16"]

1. Nf3 Nf6 2. g3 d5 3. c4 e6 4. Bg2 Bd6 5. O-O O-O 6. b3 c6 7. Bb2 Nbd7 8. d4
Ne4 9. Nbd2 f5 10. Ne5 Qf6 11. f4 Qh6 12. Nxd7 Bxd7 13. c5 Bc7 14. Nxe4 fxe4
15. e3 Kh8 16. b4 g5 17. Rf2 Qg6 18. Qg4 Rf5 19. Raf1 h5 20. Qe2 g4 21. a4 a6
22. Rb1 Kg7 23. Bf1 Rh8 24. Rg2 Kf7 25. Bc3 Ke7 26. Be1 Qe8 27. Qa2 Qa8 28.
Rgb2 Rff8 29. Qb3 b5 30. cxb6 Bxb6 31. b5 cxb5 32. Bb4+ Kf7 33. Bxf8 Qxf8 34.
axb5 h4 35. bxa6 hxg3 36. Qxb6 1-0

[Event "XV Open de Erandio "]
[Site "Erandio"]
[Date "2006.12.17"]
[Round "2.7"]
[White "Sanchez Dolado, J."]
[Black "Fernandez, G."]
[Result "0-1"]
[WhiteElo "1966"]
[BlackElo "2177"]
[PlyCount "77"]
[EventDate "2006.12.16"]

1. d4 Nf6 2. c4 c5 3. d5 e6 4. Nc3 exd5 5. cxd5 d6 6. e4 g6 7. f4 Bg7 8. Bb5+
Nbd7 9. e5 dxe5 10. fxe5 Nh5 11. e6 Qh4+ 12. g3 Nxg3 13. hxg3 Qxh1 14. Be3
Bxc3+ 15. bxc3 a6 16. Bxd7+ Bxd7 17. exd7+ Kxd7 18. Qb3 b5 19. O-O-O Rhe8 20.
Bxc5 Qg2 21. Qc2 Qxg3 22. Qd3 Qxd3 23. Rxd3 Rac8 24. Bd4 Re1+ 25. Kc2 Rf1 26.
Nf3 Re8 27. Kb3 h5 28. Nd2 Rf5 29. Rf3 Rxf3 30. Nxf3 Kd6 31. Ng5 Re7 32. a4
Kxd5 33. axb5 axb5 34. Kb4 Rb7 35. Nh7 h4 36. Nf6+ Kc6 37. Bg1 Re7 38. Bf2 h3
39. Ng4 0-1

[Event "XV Open de Erandio "]
[Site "Erandio"]
[Date "2006.12.17"]
[Round "2.8"]
[White "Prieto Aranguren, A."]
[Black "Nuevo Galiana, JD."]
[Result "1-0"]
[WhiteElo "2105"]
[BlackElo "1822"]
[PlyCount "115"]
[EventDate "2006.12.16"]

1. d4 Nf6 2. c4 c5 3. d5 b5 4. cxb5 a6 5. bxa6 Bxa6 6. Nc3 g6 7. e4 Bxf1 8.
Kxf1 d6 9. g3 Bg7 10. Kg2 O-O 11. Nge2 Nbd7 12. Qc2 Qc7 13. Rd1 Rfb8 14. f3 Ne5
15. b3 Rb7 16. Be3 c4 17. Rg1 Rc8 18. Rab1 cxb3 19. Rxb3 Rxb3 20. axb3 Nfd7 21.
Bd4 Nc5 22. h3 Rb8 23. f4 Ned7 24. Bxg7 Kxg7 25. Rb1 Nf6 26. Na4 Rc8 27. Nxc5
Qxc5 28. Qxc5 Rxc5 29. Kf3 Rb5 30. b4 Nd7 31. Nd4 Rb6 32. Nc6 e6 33. dxe6 fxe6
34. Na5 Kf6 35. Nc4 Rc6 36. Ne3 Rb6 37. b5 Ke7 38. f5 Nf6 39. g4 g5 40. Nc4 Rb8
41. b6 d5 42. exd5 exd5 43. Ne5 Kd6 44. Nf7+ Kc5 45. Nxg5 Rxb6 46. Ne6+ Kc6 47.
Rxb6+ Kxb6 48. g5 Nd7 49. f6 Ne5+ 50. Kf4 Nf7 51. Kf5 Kc6 52. g6 hxg6+ 53. Kxg6
Ne5+ 54. Kg7 Nd7 55. Nf4 d4 56. h4 Kc5 57. Nd3+ Kd5 58. Nb2 1-0

[Event "XV Open de Erandio "]
[Site "Erandio"]
[Date "2006.12.17"]
[Round "2.9"]
[White "Diaz Herrero, A."]
[Black "Angulo Martinez, J."]
[Result "0-1"]
[WhiteElo "1893"]
[BlackElo "2101"]
[PlyCount "70"]
[EventDate "2006.12.16"]

1. Nf3 Nf6 2. g3 b6 3. Bg2 Bb7 4. O-O e6 5. d3 d5 6. Nbd2 c5 7. Re1 Be7 8. e4
dxe4 9. Ng5 Nd5 10. Ndxe4 h6 11. Nxf7 Kxf7 12. c4 Nf6 13. Ng5+ hxg5 14. Bxb7
Nbd7 15. Bxa8 Qxa8 16. Qe2 Qc6 17. Bxg5 Nb8 18. f4 Qd7 19. Qf3 Nc6 20. Qg2 Nd4
21. h3 Nf5 22. Re5 Qd4+ 23. Qf2 Rxh3 24. Qxd4 Nxd4 25. Kg2 Rh8 26. Rh1 Rxh1 27.
Kxh1 Ng4 28. Re1 Bxg5 29. fxg5 Nf2+ 30. Kg2 Nxd3 31. Rf1+ Kg6 32. Rb1 Kxg5 33.
a3 a5 34. b4 axb4 35. axb4 Nxb4 0-1

[Event "XV Open de Erandio "]
[Site "Erandio"]
[Date "2006.12.17"]
[Round "2.10"]
[White "Bratu, J."]
[Black "Bratu, A."]
[Result "1-0"]
[WhiteElo "2023"]
[BlackElo "597"]
[PlyCount "86"]
[EventDate "2006.12.16"]

1. e4 c5 2. Nc3 e6 3. g3 Nc6 4. Bg2 d6 5. Nge2 Nf6 6. d3 Be7 7. h3 O-O 8. Be3
d5 9. exd5 exd5 10. d4 b6 11. dxc5 Bxc5 12. Bxc5 bxc5 13. Nxd5 Nxd5 14. Qxd5
Qxd5 15. Bxd5 Bb7 16. O-O-O Rad8 17. Nc3 Na5 18. Bxb7 Nxb7 19. Rxd8 Rxd8 20.
Rd1 Rxd1+ 21. Kxd1 Kf8 22. Kd2 Ke7 23. Kd3 a6 24. Ne4 f5 25. Ng5 h6 26. Nf3 Kd6
27. Nh4 Ke5 28. f4+ Ke6 29. Kc4 g5 30. fxg5 hxg5 31. Nf3 g4 32. hxg4 fxg4 33.
Nh2 Kf5 34. Kd5 Nd8 35. c4 Ne6 36. Nxg4 Ng5 37. Ne3+ Kf6 38. g4 Ne6 39. g5+
Nxg5 40. Kxc5 Ne4+ 41. Kb6 Ke5 42. c5 Kd4 43. Nc2+ Kd5 1-0

[Event "XV Open de Erandio "]
[Site "Erandio"]
[Date "2006.12.17"]
[Round "2.11"]
[White "Fernandez Amezaga, K."]
[Black "Garrido Legarreta, JJ."]
[Result "0-1"]
[WhiteElo "1771"]
[BlackElo "2062"]
[PlyCount "124"]
[EventDate "2006.12.16"]

1. d4 Nf6 2. Nf3 g6 3. e3 Bg7 4. Nbd2 O-O 5. Bd3 d6 6. c3 Nbd7 7. O-O e5 8. Re1
Ne8 9. Qc2 f5 10. e4 f4 11. dxe5 dxe5 12. b4 g5 13. Bc4+ Kh8 14. g3 Nd6 15. Bb3
Bf6 16. Bb2 g4 17. Nh4 Bxh4 18. gxh4 Qxh4 19. Qd3 f3 20. Qf1 Rf6 21. Kh1 Rh6
22. Qg1 Nf8 23. Nxf3 Qf6 24. Nd2 Be6 25. c4 Ng6 26. Re3 Nf4 27. Rf1 Rg8 28.
Rfe1 Rg5 29. Rg3 Rgh5 30. Nf1 Nh3 31. Qg2 Nxf2+ 32. Kg1 Nh3+ 33. Kh1 Nf4 34.
Qf2 b6 35. c5 Nc4 36. cxb6 axb6 37. Ba1 Nh3 38. Qxf6+ Rxf6 39. Bxc4 Bxc4 40.
Ne3 Be6 41. Nd5 Bxd5 42. exd5 Rf4 43. Rge3 Kg8 44. Bxe5 Rxb4 45. Bc3 Rf4 46.
Be5 Rf2 47. Bxc7 Rxd5 48. Bxb6 Rxa2 49. Re8+ Kf7 50. R8e7+ Kf6 51. Rxh7 Rdd2
52. Rf1+ Kg6 53. Rxh3 gxh3 54. Bg1 Ra3 55. Bc5 Rad3 56. Rg1+ Kf5 57. Rg3 Rxg3
58. hxg3 Kg4 59. Be3 Re2 60. Bf4 h2 61. Bc7 Kh3 62. Ba5 Rb2 0-1

[Event "XV Open de Erandio "]
[Site "Erandio"]
[Date "2006.12.17"]
[Round "2.13"]
[White "Garcia Muñoz, R."]
[Black "Torres Novalbos, D."]
[Result "0-1"]
[WhiteElo "696"]
[BlackElo "1952"]
[PlyCount "82"]
[EventDate "2006.12.16"]

1. e4 e5 2. Nf3 Nc6 3. Bb5 a6 4. Ba4 Nf6 5. Nc3 b5 6. Bb3 Bc5 7. O-O d6 8. d3
Bg4 9. Be3 O-O 10. Nd5 Bxe3 11. Nxe3 Bxf3 12. Qxf3 Nd4 13. Qh3 c6 14. Rae1 a5
15. c3 Nxb3 16. axb3 a4 17. bxa4 Rxa4 18. f4 Qd7 19. Qf3 Rfa8 20. fxe5 dxe5 21.
Nf5 Ne8 22. Qg4 Kh8 23. Qf3 f6 24. h4 Nc7 25. h5 Ne6 26. g4 Ng5 27. Qe2 Nh3+
28. Kh2 Nf4 29. Qd2 Qxd3 30. Qxd3 Nxd3 31. Rd1 Nxb2 32. Rd2 R4a7 33. Rd6 Nc4
34. Rxc6 Nd2 35. Rd1 Nxe4 36. c4 bxc4 37. Rxc4 Ng5 38. Rc2 g6 39. hxg6 hxg6 40.
Ng3 Ra2 41. Rdd2 Nf3+ 0-1

[Event "XV Open de Erandio "]
[Site "Erandio"]
[Date "2006.12.17"]
[Round "2.14"]
[White "Mirzoev, A."]
[Black "Gonzalez Sagasti, JA."]
[Result "1-0"]
[WhiteElo "2527"]
[BlackElo "1731"]
[PlyCount "41"]
[EventDate "2006.12.16"]

1. d4 d5 2. c4 c6 3. Nf3 Nf6 4. e3 e6 5. Nc3 Be7 6. Qc2 Nbd7 7. g4 h6 8. Bd2
Qc7 9. Rg1 Bd6 10. h4 e5 11. g5 exd4 12. Nxd4 hxg5 13. hxg5 Ng8 14. cxd5 cxd5
15. Ncb5 Qb8 16. Rc1 Bc5 17. g6 f6 18. Ne6 Ne5 19. Nbc7+ Kd7 20. Bb5+ Nc6 21.
Qxc5 1-0

[Event "XV Open de Erandio "]
[Site "Erandio"]
[Date "2006.12.17"]
[Round "2.15"]
[White "Buiza Prieto, A."]
[Black "Salaverri Garcia, JC."]
[Result "0-1"]
[WhiteElo "1410"]
[BlackElo "1819"]
[PlyCount "60"]
[EventDate "2006.12.16"]

1. e4 e5 2. Nf3 f5 3. d3 fxe4 4. dxe4 Nf6 5. Bc4 c6 6. Nxe5 Qa5+ 7. Nc3 Qxe5 8.
Qf3 Bb4 9. Bf4 Bxc3+ 10. bxc3 Qxe4+ 11. Qxe4+ Nxe4 12. O-O d5 13. Rfe1 O-O 14.
Rxe4 dxc4 15. Rxc4 Be6 16. Re4 Bd5 17. Rd4 Nd7 18. Re1 Nf6 19. c4 Rae8 20. Re3
Rxe3 21. Bxe3 Be4 22. Rd2 Ng4 23. Bxa7 Ra8 24. f3 Rxa7 25. fxe4 Rxa2 26. g3
Ra1+ 27. Kg2 Ne3+ 28. Kf3 Nxc4 29. Rd4 b5 30. Kf4 Kf7 0-1

[Event "XV Open de Erandio "]
[Site "Erandio"]
[Date "2006.12.17"]
[Round "3.3"]
[White "Paunovic, D."]
[Black "Galzagorri Uli, Y."]
[Result "1-0"]
[WhiteElo "2500"]
[BlackElo "2224"]
[PlyCount "63"]
[EventDate "2006.12.16"]

1. Nf3 d5 2. g3 Nf6 3. Bg2 c6 4. O-O Bf5 5. d3 h6 6. Nbd2 e6 7. c4 Bd6 8. cxd5
cxd5 9. e4 dxe4 10. dxe4 Nxe4 11. Nh4 Nxd2 12. Nxf5 exf5 13. Bxd2 Nc6 14. Re1+
Kf8 15. Bc3 Qc7 16. Qd3 f4 17. Rad1 Be5 18. Qd7 Rd8 19. Qxc7 Bxc7 20. Rxd8+
Nxd8 21. Bb4+ Kg8 22. Re7 Bb6 23. Be4 g6 24. Bc3 Kf8 25. Rd7 Rg8 26. gxf4 Ke8
27. Rd5 Ke7 28. Bb4+ Kf6 29. Rd6+ Kg7 30. Bc3+ Kh7 31. Kf1 Re8 32. Bd5 1-0

[Event "XV Open de Erandio "]
[Site "Erandio"]
[Date "2006.12.17"]
[Round "3.5"]
[White "Ivanov, J."]
[Black "Prieto Aranguren, A."]
[Result "1-0"]
[WhiteElo "2345"]
[BlackElo "2105"]
[PlyCount "71"]
[EventDate "2006.12.16"]

1. d4 Nf6 2. c4 g6 3. Nc3 Bg7 4. e4 d6 5. h3 O-O 6. Nf3 c5 7. d5 e6 8. Bd3 exd5
9. exd5 Na6 10. O-O Nc7 11. a4 Rb8 12. Be3 b6 13. Qd2 a6 14. Bg5 Qd7 15. b3 Bb7
16. Rae1 Rfe8 17. Re2 Rxe2 18. Nxe2 b5 19. axb5 axb5 20. Ng3 h5 21. Bh6 Bh8 22.
Ng5 h4 23. Ne2 Nh7 24. Nxh7 Kxh7 25. Qf4 bxc4 26. bxc4 Kg8 27. Qxh4 Re8 28. Qg3
Kh7 29. Bg5 Bg7 30. h4 Bc8 31. f3 Rg8 32. h5 Bh6 33. hxg6+ fxg6 34. Bf4 Qf7 35.
Qh4 Qf8 36. Re1 1-0

[Event "XV Open de Erandio "]
[Site "Erandio"]
[Date "2006.12.17"]
[Round "3.6"]
[White "Varas Gonzalez, C."]
[Black "Torres Novalbos, D."]
[Result "1-0"]
[WhiteElo "2281"]
[BlackElo "1952"]
[PlyCount "47"]
[EventDate "2006.12.16"]

1. e4 e5 2. Nf3 Nc6 3. Bb5 a6 4. Ba4 Nf6 5. O-O Nxe4 6. d4 b5 7. Bb3 d5 8. dxe5
Be6 9. c3 Be7 10. Nbd2 Nc5 11. Nd4 Nxd4 12. cxd4 Nxb3 13. Nxb3 O-O 14. Bf4 c6
15. Rc1 Qb6 16. Qd2 a5 17. Bg5 Bb4 18. Qd3 Rfc8 19. Nc5 Bxc5 20. Rxc5 Qb7 21.
f4 g6 22. f5 Bxf5 23. Rxf5 gxf5 24. Bf6 1-0

[Event "XV Open de Erandio "]
[Site "Erandio"]
[Date "2006.12.17"]
[Round "3.7"]
[White "Acedo Peña, J."]
[Black "Rodriguez Gonzalez, A."]
[Result "0-1"]
[WhiteElo "1807"]
[BlackElo "2024"]
[PlyCount "49"]
[EventDate "2006.12.16"]

1. d4 d6 2. Bf4 g6 3. Nf3 Bg7 4. e3 Nd7 5. Nbd2 e5 6. Bg5 f6 7. Bh4 h5 8. h3 g5
9. Bg3 f5 10. c3 e4 11. Ng1 Ne7 12. Qb3 Nf6 13. h4 g4 14. Ne2 Ng6 15. Nf4 Nxf4
16. Bxf4 Bh6 17. Bg3 Qe7 18. c4 a5 19. a4 O-O 20. f4 exf3 21. gxf3 Qxe3+ 22.
Qxe3 Bxe3 23. d5 f4 24. Bf2 Re8 25. Bxe3 0-1

[Event "XV Open de Erandio "]
[Site "Erandio"]
[Date "2006.12.17"]
[Round "3.11"]
[White "Lococo Cobo, N."]
[Black "Fernandez Amezaga, K."]
[Result "1-0"]
[WhiteElo "2059"]
[BlackElo "1771"]
[PlyCount "48"]
[EventDate "2006.12.16"]

1. d4 Nf6 2. Bg5 Ne4 3. Bf4 e6 4. f3 Nf6 5. e4 d6 6. Nc3 Nh5 7. Be3 Be7 8. Qd2
O-O 9. O-O-O a5 10. g4 Nf6 11. h4 e5 12. h5 exd4 13. Bxd4 Nc6 14. Be3 Be6 15.
g5 Ne8 16. f4 Bg4 17. Re1 f5 18. Bc4+ Kh8 19. h6 d5 20. Bxd5 Nb4 21. Bd4 c5 22.
hxg7+ Nxg7 23. Bxg7+ Kxg7 24. Rxh7+ Kg6 1-0

[Event "XV Open de Erandio "]
[Site "Erandio"]
[Date "2006.12.17"]
[Round "3.12"]
[White "Martinez Pelaez, D."]
[Black "Valverde Urbano, A."]
[Result "1-0"]
[WhiteElo "1969"]
[BlackElo "812"]
[PlyCount "57"]
[EventDate "2006.12.16"]

1. e4 c5 2. Nf3 Nc6 3. Nc3 e6 4. d4 cxd4 5. Nxd4 Nf6 6. Nxc6 bxc6 7. Bd3 Qc7 8.
O-O Be7 9. f4 O-O 10. Be3 d6 11. Qe2 e5 12. fxe5 dxe5 13. h3 h6 14. Rf3 Kh8 15.
Raf1 Rg8 16. Qd2 Kh7 17. Ne2 Be6 18. Ng3 Raf8 19. Nf5 Bxf5 20. Rxf5 Qd6 21. Qf2
Kh8 22. Qg3 Nh7 23. Rxf7 Rxf7 24. Rxf7 Ng5 25. Rf5 Bf6 26. h4 g6 27. Rxf6 Qxf6
28. hxg5 hxg5 29. Bxg5 1-0

[Event "XV Open de Erandio "]
[Site "Erandio"]
[Date "2006.12.17"]
[Round "3.13"]
[White "Serrano Martinez, A."]
[Black "Cano Cavero, AJ."]
[Result "1/2-1/2"]
[WhiteElo "1864"]
[BlackElo "781"]
[PlyCount "67"]
[EventDate "2006.12.16"]

1. e4 e5 2. Nc3 Nf6 3. Bc4 Nc6 4. Nf3 Bb4 5. d3 d5 6. exd5 Nxd5 7. Bd2 Nxc3 8.
Bxc3 Bxc3+ 9. bxc3 O-O 10. O-O Bg4 11. Qe2 Qf6 12. Bd5 Rfd8 13. Bxc6 Qxc6 14.
Nxe5 Qxg2+ 15. Kxg2 Bxe2 16. Rfe1 Bh5 17. Rab1 Rab8 18. Re3 f6 19. Nf3 Kf8 20.
Rbe1 Re8 21. Rxe8+ Rxe8 22. Rxe8+ Kxe8 23. Nd4 Bf7 24. a3 Kd7 25. Kf3 c5 26.
Nf5 g6 27. Ne3 h5 28. h4 Kc6 29. c4 b5 30. Ke4 bxc4 31. dxc4 Kd6 32. f4 Kc6 33.
Kd3 Kd6 34. Ke4 1/2-1/2

[Event "XV Open de Erandio "]
[Site "Erandio"]
[Date "2006.12.17"]
[Round "3.14"]
[White "Garcia Sanchez, JM."]
[Black "Aguirre Maiz, A."]
[Result "0-1"]
[WhiteElo "1962"]
[BlackElo "697"]
[PlyCount "66"]
[EventDate "2006.12.16"]

1. e4 e5 2. Nc3 Bc5 3. Bc4 d6 4. d3 c6 5. Nge2 Bg4 6. O-O b5 7. Bb3 a5 8. a4 b4
9. Nb1 Na6 10. Qe1 Bxe2 11. Qxe2 Qf6 12. Be3 Ne7 13. Bc4 O-O 14. Bxa6 Rxa6 15.
d4 exd4 16. Bg5 Qxg5 17. Qxa6 h5 18. Qd3 f5 19. f4 Qh6 20. e5 Nd5 21. Qc4 Kh8
22. exd6 Qxd6 23. Nd2 Ne3 24. Qe2 Nxf1 25. Qxh5+ Kg8 26. Kxf1 Qxf4+ 27. Nf3 b3
28. cxb3 d3 29. Qg5 Qxg5 30. Nxg5 Rb8 31. Rc1 Be3 32. Rxc6 Bxg5 33. Rc5 d2 0-1